|
|
|
|
| LEADER |
00000nkmaa2200000 a 4500 |
| 001 |
vtls010694861 |
| 003 |
SK-MaSNL |
| 005 |
20260301035528.0 |
| 007 |
kh bo |
| 008 |
230802n xx | |||0 k|slo |
| 035 |
|
|
|a urn:nbn:sk:snk-km00bx1y
|
| 035 |
|
|
|a urn:nbn:sk:snk-km3lokr
|
| 035 |
|
|
|a F1EA911A-2737-4913-8CED-2ED3E2736D7E
|
| 040 |
|
|
|a SNKLA
|b slo
|c SNKLA
|e AACR2
|
| 041 |
0 |
|
|a slo
|
| 245 |
0 |
0 |
|a [František Ander s manželkou]
|h grafika
|
| 260 |
|
|
|a [S.l.
|b s.n.
|c s.a.]
|
| 300 |
|
|
|a 1 fotografia
|b čb
|c 14 x 9 cm
|
| 520 |
2 |
|
|a Zobrazenie: František Ander s manželkou Emanuelou, rod. Langeovou.
|
| 600 |
1 |
7 |
|a Ander, František
|2 SNKLA
|9 338186
|
| 600 |
1 |
7 |
|a Anderová, Emanuela
|2 SNKLA
|9 338187
|
| 655 |
|
7 |
|a portrétne fotografie
|2 SNKLA
|9 305796
|
| 852 |
7 |
|
|a Slovenská národná knižnica
|b Literárny archív
|
| 958 |
|
|
|a ZO
|
| 958 |
|
|
|a BLA
|
| 999 |
|
|
|c 584213
|d 586143
|
| 952 |
|
|
|a SNKLA
|b SNKLA
|c SNKLA_DEP
|y NEVYP
|7 0
|p 17A1007385
|o snkSA 87/5
|i snkLA 3449/1980
|0 0
|1 0
|4 0
|d 2015-07-24
|f 1
|l 0
|r 2026-02-23 15:03:35
|w 2026-02-23
|